000 00684nam a2200205Ia 4500
001 13049
003 GE_BSU
008 181216s||||||||xx |||||||||||||| ||und||
040 _cGE_BSU
080 _a631.4
100 _aДараселия,М.К.
245 _aМатериалы по водному режиму субтропических подзолистых почв
245 _cРед.Г.А.Любовский
260 _aМосква
260 _bПищепромиздат
260 _c1947
300 _a119стр.20см.
653 _aМатериалы по водному режиму субтропических подзолистых почв
942 _cBK
999 _c46216
_d46216